| 000 | 01612nam a2200397 i 4500 | ||
|---|---|---|---|
| 001 | 196043 | ||
| 003 | ES-MaACL | ||
| 005 | 20250427063005.0 | ||
| 006 | m o d | ||
| 007 | cr ||||||||||| | ||
| 008 | 240810s2022 sp o 000 0dspa d | ||
| 020 |
_a9788417888923 ( _qpdf) |
||
| 020 |
_z9788417888916 ( _qrústica) |
||
| 035 | _aRebiun33849581 | ||
| 040 |
_aDGITA _beng _erda _epn _cDGITA |
||
| 043 | _ae-sp--- | ||
| 080 | _a821.134.2.09"19" | ||
| 100 | 0 |
_aRomero Tobar, Leonardo, _d1941- _999445 _eaut |
|
| 245 | 1 | 0 |
_aAmigos maestros / _cLeonardo Romero Tobar. |
| 264 | 1 |
_aSantander : _bEdiciones Universidad Cantabria, _c[2021]. |
|
| 300 |
_a107 pág. : _c24 cm. |
||
| 336 |
_aTexto _btxt _2rdacontent |
||
| 337 |
_aordenador _bc _2rdamedia |
||
| 338 |
_arecurso en línea _bcr _2rdacarrier |
||
| 490 | 1 |
_aColección Analectas ; _v133 |
|
| 650 | 0 |
_aLiteratura española- _xEstudio y enseñanza _9238042 |
|
| 650 | 0 |
_aProfesores españoles- _zEspaña- _vBiografía _9238043 |
|
| 650 | 4 |
_aLiteratura española- _xHistoria y crítica _914560 |
|
| 776 | 0 | 8 |
_iEdición rústica: _aRomero, Leonardo, 1941-. _tAmigos maestros., _dSantander : Ediciones Universidad Cantabria, [2021] _z9788417888916 |
| 830 | 0 |
_aColección Analectas ; _v133 _9240093 |
|
| 852 |
_aES-MaACL _cDEPOJ _jN-9170 _gDedicatoria autógrafa del autor _hDonación: Leonardo Romero Tobar _xEncuadernación rústica con solapas _9205068 |
||
| 942 |
_cMONOGRAFIA _n0 |
||
| 999 |
_c196043 _d196043 |
||